000 00741cam a22002174a 4500
005 20250605163949.0
008 250528s ||||||||||||||||||||||||d
035 _a15327
020 _a201038242
040 _aGR-AtMCL
_bgre
_dGR-AtMCL
_eAACR2
245 1 _aMultinational Business Finance / Third Edition
250 _a3rd
260 _bAddison-Wesley Publishing Company,
_c1982
300 _a724
520 _aThe Multinational Corporation and Its International Environment, Foreign Exchange Risk Management, Long-Run Investment Decisions, Financing Decisions, Working Capital Management, Control.
700 1 _aEiteman David K
_91223
700 1 _aStonehill Arthur I
_91224
942 _cBK
999 _c917
_d917